Diplomatari de la Catedral de Tortosa (1062-1193) / estudi i edició a cura d'Antoni Virgili
ISBN:
84-7935-418-6
Descripción Física:
711 p. ; 24 cm
Colección:
Diplomataris ; 11
MARC
| LEADER | 00000nam a2200000Ia 4500 | ||
|---|---|---|---|
| 001 | 11694 | ||
| 003 | Arxiu | ||
| 005 | 20260324175638.0 | ||
| 008 | 160829s1997 xx 000 0 cat d | ||
| 020 | |a 84-7935-418-6 | ||
| 080 | |a A-1-125 | ||
| 245 | |a Diplomatari de la Catedral de Tortosa (1062-1193) / estudi i edició a cura d'Antoni Virgili | ||
| 260 | |a Barcelona : |b Fundació Noguera ; Lleida : |b Pagès, |c 1997 | ||
| 300 | |a 711 p. ; |c 24 cm | ||
| 490 | |a Diplomataris ; 11 | ||
| 590 | |a Textos en llatí i català. | ||
| 590 | |a Índexs | ||
| 650 | |a Catedral de Tortosa. Arxiu Capitular |x Catàlegs |9 33138 | ||
| 650 | |a Catedral de Tortosa |x Història |x 1062/1193 |x Fonts |9 36540 | ||
| 650 | |a Catedral de Tortosa |x Manuscrits |x Catàlegs |9 33140 | ||
| 700 | 1 | |a Virgili, Antoni, |d 1956- |e ed. |9 33141 | |
| 700 | |a Fundació Noguera |9 70407 | ||
| 901 | |a Arxiu | ||
| 942 | |n 1 |2 udc | ||
| 952 | |0 0 |1 0 |4 0 |6 A1125 |7 1 |9 47353 |a Arxiu |b Arxiu |d 2016-12-01 |l 0 |o A-1-125 |p 11694 |r 2016-12-01 00:00:00 |w 2016-12-01 |y ARXIU | ||
| 999 | |c 51151 |d 51151 | ||